[Event "Tel Aviv super 1st"]
[Site "Tel Aviv"]
[Date "1999.05.17"]
[Round "7"]
[White "Zilberman, Yaacov"]
[Black "Alterman, Boris"]
[Result "1/2-1/2"]
[WhiteElo "2515"]
[BlackElo "2615"]
[Annotator "Alterman,B"]
[PlyCount "158"]
[EventDate "1999.05.11"]
[EventType "tourn"]
[EventRounds "9"]
[EventCountry "ISR"]
[EventCategory "14"]
[SourceTitle "CBM 071"]
[Source "ChessBase"]
[SourceDate "1999.08.01"]
[SourceVersion "1"]
[SourceVersionDate "1999.08.01"]
[SourceQuality "1"]

1. d4 Nf6 2. Nf3 e6 3. c4 b6 4. Nc3 Bb7 5. a3 d5 6. Bg5 Be7 7. Qa4+ Qd7 8.
Qxd7+ Nbxd7 9. e3 $146 {[%mdl 8]} (9. Nb5 Kd8 (9... O-O 10. cxd5 Nxd5 11. Nxc7
Bxg5 12. Nxd5 Bxd5 13. Nxg5 Rac8 14. e4 Bb7 15. Bd3 h6 16. Nh3 Nf6 17. f3 Rfd8
18. Ke2 Rxd4 19. Rac1 Rdd8 {1/2-1/2 Bacrot,E-Gelfand,B/Cap d'Agde 1998/EXT 99 
(19)}) 10. cxd5 Nxd5 11. e4 N5f6 12. Bf4 Ne8 13. d5 exd5 14. O-O-O Nd6 15. exd5
a6 16. Nc3 Bf6 17. Nd4 Re8 18. Be2 Nc5 {Gofshtein,L-Alterman,B/Israel 1996/Inf
66}) 9... a6 $1 10. Be2 (10. cxd5 $11) 10... dxc4 11. Bxc4 c5 12. dxc5 Nxc5 13.
Rd1 b5 14. Ba2 h6 15. Bf4 g5 $1 {This is the main idea of black's set up - to
stabelize the position in the center and then to push g5-g4 with pressure on
the kingside.} 16. Be5 $8 Ncd7 17. Bd6 (17. Bg3 g4 18. Nh4 Nh5 $17 {[%csl Rh4]}
) 17... g4 18. Nh4 Bxd6 19. Rxd6 Ke7 20. Rd4 Ne5 21. Ke2 Rhd8 22. Rhd1 Rxd4 23.
Rxd4 Rc8 24. f3 h5 25. e4 Nfd7 $1 {Black has some positional advantage because
of the bad placed knight on h4.} 26. h3 Nb6 27. Bb3 Nc6 28. Rd3 Nd7 29. Rd2
Nce5 30. Ba2 Nc4 $6 (30... Nb6 31. Nd1 Nbc4 $1 (31... gxh3 32. gxh3 Rg8 33. Ne3
$11) 32. Bxc4 Nxc4 33. Rc2 Kf6 34. hxg4 hxg4 35. Ne3 (35. fxg4 Bxe4 $17) 35...
g3 {[%csl Rh4][%cal Gf6g5]}) 31. Bxc4 Rxc4 32. hxg4 hxg4 33. Ke3 Ne5 34. Kf4
Rc5 35. Ne2 gxf3 36. gxf3 Nc4 37. Rc2 Rc8 38. Kg3 $1 (38. Ng2 $2 e5+ 39. Kg3
Rg8+ 40. Kf2 Rxg2+ $19) 38... Kd6 39. Kf2 Rh8 40. Kg3 $1 (40. Ng2 Rh2 41. Nef4
e5 42. Kg3 Rh8 43. Nd3 Rg8+ $17) 40... Ne3 41. Rc1 Rc8 42. Nc3 Ke7 $1 43. Kf2
$2 {[%mdl 8192]} (43. Ne2 $8) 43... Nc4 44. b3 (44. Nd1 Nxb2 45. Rxc8 Nxd1+ 46.
Ke1 Bxc8 $19) 44... Nxa3 45. Ke3 a5 46. Ng2 a4 47. bxa4 bxa4 (47... b4 $1 48.
Ne2 b3 49. Rxc8 Bxc8 50. Nc3 b2 51. Kd2 Ba6 52. Ne3 Kd6 53. Ned1 b1=Q 54. Nxb1
Nxb1+ 55. Kc2 Na3+ $19) 48. Ne1 Nc4+ 49. Kd3 Ne5+ 50. Kd2 Bc6 51. Ra1 Rh8 52.
f4 Rh2+ 53. Ke3 Nc4+ 54. Kd4 Nd2 55. Kd3 Nb3 56. Ra3 Kd7 57. Nf3 Rh3 58. Ke2
Nc1+ 59. Ke3 Nd3 60. Ra1 Nc5 61. Kf2 Bxe4 $4 {[%mdl 8192]} (61... Nd3+ 62. Ke3
Nb2 63. Ke2 Kc7 64. Rc1 Nd3 $19) 62. Ne5+ Kd6 63. Nxa4 Nd3+ 64. Nxd3 Rxd3 65.
Ke2 Rb3 66. Rd1+ Bd5 67. Rd4 Kc6 68. Kd2 f5 69. Nc3 Kc5 70. Ra4 Bc4 71. Ra8 Kd4
72. Rd8+ Bd5 73. Ne2+ Ke4 74. Nc3+ Kd4 (74... Kxf4 75. Nxd5+ exd5 76. Rxd5 Ke4
(76... Kg4 77. Ke2 f4 78. Kf2 Rb2+ 79. Kg1 Kg3 80. Rg5+ Kf3 81. Rf5 $11) 77.
Ra5 f4 78. Ke2 $11) 75. Ne2+ Kc5 76. Rc8+ Bc6 $6 {[#]} 77. Rxc6+ Kxc6 78. Nd4+
Kd5 79. Nxb3 e5 1/2-1/2

[Event "ISR-chT"]
[Site "Israel"]
[Date "1999.05.07"]
[Round "10"]
[White "Alterman, Boris"]
[Black "Liss, Eran"]
[Result "0-1"]
[WhiteElo "2615"]
[BlackElo "2510"]
[Annotator "Alterman,B"]
[PlyCount "76"]
[EventDate "1999.01.??"]
[EventType "team"]
[EventRounds "11"]
[EventCountry "ISR"]
[SourceTitle "CBM 071"]
[Source "ChessBase"]
[SourceDate "1999.08.01"]
[SourceVersion "1"]
[SourceVersionDate "1999.08.01"]
[SourceQuality "1"]

1. d4 Nf6 2. c4 e6 3. Nc3 Bb4 4. Nf3 b6 5. Qb3 a5 6. Bg5 Bb7 7. e3 h6 8. Bh4 (
8. Bxf6 Qxf6 9. Be2 d6 (9... O-O 10. O-O Bxc3 11. Qxc3 d6 12. Nd2 Nd7 13. f4
Qe7 14. Bf3 Bxf3 15. Rxf3 e5 16. fxe5 dxe5 17. d5 f5 18. Raf1 g6 19. Rh3 {
1/2-1/2 Ivanov,I-Farago,I/Philadelphia 1984/Inf 38 (52)}) 10. O-O Bxc3 11. Qxc3
Nd7 12. Nd2 e5 13. Bf3 Bxf3 14. Nxf3 e4 15. Nd2 Qe7 16. Qc2 Nf6 17. c5 bxc5 18.
dxc5 O-O 19. cxd6 cxd6 20. Rac1 Rfb8 21. Rfd1 {1-0 Fries Nielsen,J-Arnason,J/
Esbjerg 1984/MCL 02 (55)}) 8... d6 (8... g5 9. Bg3 Ne4 10. Ne5 (10. Bd3 d6 11.
Bxe4 Bxe4 12. O-O-O Bxc3 13. Qxc3 Nd7 14. Ne1 Bb7 15. c5 Nf6 16. f3 Nd5 17. Qa3
dxc5 18. dxc5 Qe7 19. e4 Nb4 20. cxb6 e5 21. Kb1 cxb6 22. Nd3 f6 23. Nxb4 axb4
24. Qb3 {Miles,A-Budnikov,A/Beijing op 1991/EXP 22/1/2-1/2 (64)}) 10... h5 11.
f3 h4 12. Bf2 Bxc3+ 13. bxc3 Nxf2 14. Kxf2 d6 15. Nd3 c5 16. Rd1 Qc7 17. Ne1
Nd7 18. d5 Nf6 19. h3 {Kogan,A-Horvath,A/Koszeg GM 1997/1-0 (67)}) 9. a3 $5 (9.
Bd3 Nbd7 10. O-O-O Bxc3 11. Qxc3 Qc8 (11... Qe7 12. Ne1 e5 13. Bf5 O-O-O 14. c5
exd4 15. cxd6 Qxd6 16. Rxd4 Nd5 17. Qc2 c5 18. Nd3 Bc6 19. Bg3 Qf6 20. Ne5 cxd4
21. Nxc6 {1-0 Miles,A-Singh,R/Calcutta op 1994/EXP 39 (36)}) 12. Qc2 c5 13. d5
e5 14. Nd2 g5 15. Bg3 Qc7 16. f4 exf4 17. exf4 O-O-O 18. fxg5 hxg5 19. Rhf1
Rde8 20. Bf5 Nh5 21. Ne4 Nxg3 22. hxg3 Kb8 23. Bxd7 Qxd7 24. Nf6 {Khalifman,
A-Tunik,G/RUStch Maikop 1998/1-0 (50)}) (9. Be2 g5 10. Bg3 Ne4 11. O-O-O Bxc3
12. bxc3 Nd7 13. Ne1 h5 14. h4 g4 15. Nd3 Nxg3 16. fxg3 Bxg2 17. Rh2 Be4 18.
Rf2 Qe7 19. Rdf1 f6 20. Nf4 {Conquest,S-Onischuk,A/BL9697 GER 1997/BL9697/0-1 
(57)}) 9... a4 10. Qc2 Bxc3+ 11. bxc3 $1 {[%mdl 20] This was my idea.Looks
that black gets some tempo a5-a4, but as I understand -pawn on a4 can do only
problems for black ,because they should protect him every time.} Nbd7 12. Nd2
Qe7 13. f3 e5 14. e4 O-O 15. Be2 {Black has a very unpleasant position,because
only way to activisation his pieces to open game on the King side and in the
centre,but I have very strong bishops and opening game will get for white
clear advantage.} Qe6 16. O-O Nh5 17. Rfe1 (17. Rae1 Nf4 18. Bd1) 17... Nf4 18.
Bf1 (18. Nf1 f5) 18... Qg6 19. Rad1 f5 20. exf5 Rxf5 21. Bg3 $1 {[%cal Rg3f4,
Ge1e8,Gd1d8,Yf1d3][%mdl 32] Black pieces stand in the active positions but
strong white's centralisation and pair of bishops will be more important.} Qf7
22. Ne4 $1 Kh8 23. Nf2 $16 Rf8 $138 (23... Nh5 24. Bd3 Nxg3 25. hxg3 Rg5 26. g4
exd4 27. cxd4 Nf6 28. Nh3 $16) 24. Qxa4 Nf6 25. Bxf4 Rxf4 26. dxe5 dxe5 27. Nd3
Rf5 28. Rxe5 Nh5 29. Rde1 $4 {[%mdl 8192] Black has only one minit's left and
I was sure that game is over.,but next move was a bad surprise for me. Easy win
} (29. Rxf5 Qxf5 30. Qb5 c5 31. Qxb6 Bxf3 32. gxf3 Qxf3 33. Re1 Rf6 (33... Rf5
34. Qd8+ Kh7 35. Bg2 $18) 34. Qd8+ Kh7 35. Qe8 Rg6+ 36. Qxg6+ $18) 29... Rxf3
$1 $40 30. Qd1 Qg6 31. Qd2 $6 (31. Qe2 $1 $11) 31... Nf4 32. Nxf4 R3xf4 33. g3
R4f6 34. Bd3 Qf7 35. Re7 Qh5 36. Qe2 Qc5+ 37. Qe3 Rf2 38. Bf1 $2 {Giving black
the possibility to finish the game with nice tactical blow.} (38. Qxc5 Rg2+ 39.
Kh1 bxc5 40. Be4 Bxe4 41. R1xe4 Rff2 42. Rh4 Ra2 43. a4 Rgc2 44. Re1 Rxc3 $17)
38... Qc6 $1 0-1

[Event "Tel Aviv super 1st"]
[Site "Tel Aviv"]
[Date "1999.05.16"]
[Round "6"]
[White "Alterman, Boris"]
[Black "Gelfand, Boris"]
[Result "1/2-1/2"]
[WhiteElo "2615"]
[BlackElo "2690"]
[Annotator "Alterman,B"]
[PlyCount "28"]
[EventDate "1999.05.11"]
[EventType "tourn"]
[EventRounds "9"]
[EventCountry "ISR"]
[EventCategory "14"]
[SourceTitle "CBM 071"]
[Source "ChessBase"]
[SourceDate "1999.08.01"]
[SourceVersion "1"]
[SourceVersionDate "1999.08.01"]
[SourceQuality "1"]

1. d4 Nf6 2. c4 e6 3. Nc3 Bb4 4. Nf3 b6 5. Qb3 c5 6. Bg5 Bb7 7. Rd1 O-O 8. e3
cxd4 9. exd4 {[#]} Bxc3+ $1 $146 {[%mdl 8] This is a strong theoretical
novelty of Boris Gelfand which gives black equality.} (9... Bxf3 10. gxf3 Be7 (
10... Nc6 11. Be2 Be7 12. Rg1 Qc7 13. Rg2 Nh5 14. Nb5 Qb8 15. d5 $16 {Slipak,
S-Zarnicki,P/Villa Gesell 1996}) 11. Rg1 Re8 12. Be2 d6 13. f4 (13. Kf1 Nbd7
14. Be3 Nf8 15. f4 Ng6 16. d5 Qc8 {Jakobsen,O-Hansen,C/Torshavn 1997}) 13...
Nbd7 14. Qc2 d5 15. f5 exf5 16. Qxf5 dxc4 17. Bxc4 g6 18. Qf3 Qc7 19. Bb3 Qxh2
20. Rh1 Qc7 21. Kf1 $36 {Sokolov,I-Emms,J/Hastings ENG 1998}) 10. bxc3 Qc7 $1 {
That is the point of black's previous move.} 11. Bxf6 Bxf3 $1 {[%mdl 256]} (
11... gxf6 12. d5 $1 $40 {[%csl Rb7][%cal Gf1d3,Gf3d4,Gd1d4]}) 12. gxf3 (12.
Rd3 Be4 13. Re3 Bg6) 12... gxf6 13. Qc2 Qf4 (13... Nc6 14. Qd2) 14. Qe4 Qxe4+ {
This ending is equal.} (14... Qxe4+ 15. fxe4 Nc6 16. Rd3 Rac8 17. Rg1+ Kh8 18.
Rf3 Na5 19. Rxf6 Nxc4 20. e5 Rg8 $11) 1/2-1/2

[Event "Moscow B"]
[Site "Moscow"]
[Date "1994.??.??"]
[Round "11"]
[White "Notkin, Maksim"]
[Black "Gagarin, Vasilij"]
[Result "1-0"]
[WhiteElo "2485"]
[BlackElo "2425"]
[Annotator "Ambroz,J"]
[PlyCount "77"]
[EventDate "1994.??.??"]
[EventType "tourn"]
[EventRounds "11"]
[EventCountry "RUS"]
[EventCategory "7"]
[SourceTitle "CBM 041"]
[Source "ChessBase"]
[SourceDate "1994.08.01"]
[SourceVersion "1"]
[SourceVersionDate "1994.08.01"]
[SourceQuality "1"]

1. d4 Nf6 2. c4 e6 3. Nf3 b6 4. a3 Ba6 5. Qc2 Bb7 6. Nc3 c5 7. e4 cxd4 8. Nxd4
Nc6 9. Nxc6 Bxc6 10. Bf4 Nh5 11. Be3 Qb8 12. O-O-O (12. g3 f5 $1 13. O-O-O Nf6
14. Bd3 Qb7 15. f3 fxe4 16. Nxe4 Nxe4 17. fxe4 Bd6 18. Rhf1 Be5 19. Bf4 Qb8 20.
Qe2 $2 O-O 21. Qh5 Rxf4 $36 {Lutz,C-Karpov,An/Dortmund 1993}) 12... Bd6 13. g3
f5 (13... Nf6 $5 14. f4 e5 15. f5 $13 (15. Rxd6 $5 Qxd6 16. Bh3 O-O 17. Rd1 Qe7
18. f5 Rac8 $15)) (13... Be5 14. Bd3 {f2-f4} Qb7 15. Rhe1 Nf6 16. f4 Bxc3 17.
Qxc3 Rc8 18. e5 Nd5 19. Qd4 Ba4 20. Rd2 b5 $10 {Kramnik,V-Lutz,C/Dortmund 1993}
) 14. f4 $1 Bc5 (14... fxe4 15. Nxe4 O-O 16. Bd3 $40) (14... Nf6 15. Bg2 O-O $5
16. e5 (16. Rxd6 Qxd6 17. e5 Bxg2 18. exd6 (18. Qxg2 Qd3) 18... Bxh1 $13) 16...
Ng4 17. Bd4 Bc5 18. Bxc6 $14 Ne3 $140 19. Qd3 Nxd1 20. Bxd7 Bxd4 21. Rxd1 Bxc3
22. Bxe6+ Kh8 23. Qxc3 $16) 15. Bxc5 bxc5 16. Bg2 {/\ e5, >< Nh5} (16. Be2 $5
Nf6 $140 17. e5 Ne4 (17... Bxh1 18. exf6 Bc6 19. fxg7 Rg8 20. Bh5+ Ke7 $13 21.
Nd5+ $5) 18. Bh5+ g6 19. Bf3 $14) 16... Qb7 17. Nb5 $1 {>< d6, /^ h1-a8} Bxb5
18. cxb5 Qxb5 19. exf5 Rb8 20. fxe6 dxe6 21. Rhe1 O-O 22. Bf1 $1 (22. Rxe6 Nf6
23. Re5 $16) 22... Qb7 (22... c4 23. Bxc4 Qb7 24. Rxe6 $18) 23. Bc4 $16 Kh8 24.
Rxe6 Nf6 25. Kb1 a5 (25... Rbd8 26. Red6) 26. Ka2 h6 27. Rdd6 Rfd8 28. Rxd8+
Rxd8 29. Re5 $18 Qb6 30. Bb3 Rc8 31. Qc4 Qc7 32. h3 Qd6 33. g4 Nd7 34. Re6 Qf8
35. g5 Rb8 36. gxh6 a4 37. Qxa4 c4 38. Qxc4 Nc5 39. hxg7+ 1-0

[Event "Candidates FIDE sf1"]
[Site "Sanghi Nagar"]
[Date "1994.??.??"]
[Round "4"]
[White "Kamsky, Gata"]
[Black "Anand, Viswanathan"]
[Result "0-1"]
[WhiteElo "2695"]
[BlackElo "2720"]
[Annotator "Anand,V"]
[PlyCount "106"]
[EventDate "1994.07.??"]
[EventType "match"]
[EventRounds "8"]
[EventCountry "IND"]
[SourceTitle "CBM 042"]
[Source "ChessBase"]
[SourceDate "1994.10.01"]
[SourceVersion "1"]
[SourceVersionDate "1994.10.01"]
[SourceQuality "1"]

1. d4 {Ftacnik Dautov} Nf6 2. c4 e6 3. Nf3 b6 4. a3 Bb7 5. Nc3 d5 6. cxd5 Nxd5
7. Bd2 Be7 8. Qc2 O-O 9. e4 Nxc3 10. Bxc3 Nd7 11. O-O-O c6 $5 $146 (11... c5 {
Dautov}) (11... Qc8 {Dautov /\Rd8}) (11... Qc8 {Ftacnik} 12. h4 Rd8 13. d5 $1 (
13. Rh3 h6 (13... Ba6 14. Bxa6 Qxa6 15. Rg3 Qc4 16. Kb1 Bf8 17. h5 f6 $2 18. e5
$1 f5 19. Ng5 Qd5 20. Re3 Be7 21. Nh3 Nf8 22. g4 $1 $16 {Anastasian,
A-Stefansson,H/Luzern WchT/1993/1-0 (53)}) 14. d5 Nf6 15. Ng5 hxg5 16. hxg5 Ng4
17. f4 Bc5 18. Bxg7 Kxg7 19. Qc3+ e5 20. Be2 Bd6 21. f5 Rg8 22. Bxg4 Kf8 23.
Qf3 c6 24. f6 {Akopian,V-Granda Zuniga,J/Groningen PCA (03)/1993/0.5 (40)})
13... Nf8 14. Rh3 $1 {><g7} exd5 15. Rg3 g6 16. h5 $1 dxe4 17. Bc4 $16 Qf5 18.
Ne5 Rxd1+ 19. Qxd1 Ne6 20. hxg6 hxg6 21. Bxe6 Bg5+ 22. Rxg5 $1 Qxg5+ 23. Kb1
fxe6 24. Qd7 $18 {Lputian,S-Hjartarson,J/Biel izt (13)/1993/1-0 (26)}) (11...
c5 {Ftacnik} 12. Bb5 (12. dxc5 Qc7 13. cxb6 Nxb6 14. Kb1 Rac8 15. Rc1 Qd7 16.
Ne5 Qe8 17. Qe2 Bf6 18. Qe3 Qa4 19. f4 Bxe4+ 20. Bd3 Bxd3+ 21. Qxd3 Nd5 22. Bd2
Nxf4 23. Bxf4 Qxf4 24. Nd7 {Dinstuhl,V-Almasi,Z/Budapest Elekes (03)/1993/0-1 
(41)}) 12... Qc7 (12... a6 13. Bxd7 Qxd7 14. dxc5 Qc7 15. Ne5 Bxc5 16. Rd7 Qc8
17. Qd3 Bc6 18. Nxc6 Qxc6 19. Qg3 e5 20. Qxe5 Qh6+ 21. Kb1 Qg6 22. f3 Qxg2 23.
Rhd1 a5 24. h4 {Lputian,S-Anastasian,A/URS-OT56 Blagoveshchensk/1988/1-0 (50)})
13. d5 exd5 14. exd5 Rfd8 15. Rhe1 Nf8 16. Qe4 Ng6 17. h4 Bf8 18. g3 a6 19. Ba4
b5 20. Bc2 Qe7 21. Qg4 Qd7 22. Bf5 Qd6 23. h5 Ne7 24. Re6 {Piket,J-Polugaevsky,
L (4)/Aruba m/1994/1-0 (44)}) 12. h4 $1 (12. Bd3 b5 {/\ a5<=>} (12... h6 {
Dautov} 13. h4 b5 14. g4 a5 15. Bd2 Qb6 16. g5 h5 $13) (12... b5 13. d5 $1 cxd5
14. exd5 Bxd5 15. Bxh7+ Kh8 16. Rxd5 $1 exd5 17. Qf5 Bd6 (17... Nf6 18. Bxf6
gxf6 19. Qh5 Kg7 20. Nd4 Rh8 21. Nf5+ Kf8 22. Re1 Rc8+ 23. Kb1 Rc7 24. Qh6+ Ke8
25. Qg7 $18) 18. Qh3 Bf4+ 19. Kb1 Nf6 20. Bf5+ Bh6 21. g4 $18)) 12... b5 13.
Rh3 (13. e5 $5 {/\ Ng5}) (13. Ng5 $6 {Dautov} h6 14. e5 hxg5 15. hxg5 Bxg5+ 16.
Kb1 g6 $19) (13. Kb1 $5 {Dautov} a5 14. d5 cxd5 15. Bxb5 Nf6 $13) 13... a5 14.
d5 cxd5 (14... b4 $2 {Dautov} 15. dxe6 fxe6 16. Bc4 $18) (14... exd5 $2 {Dautov
} 15. exd5 b4 (15... cxd5 16. Bxb5 $16) 16. dxc6 Bxc6 17. Ne5 $1 bxc3 18. Nxc6
cxb2+ 19. Kb1 Qe8 20. Re3 $18) 15. Bxb5 Nf6 (15... Rc8 $1 16. Ng5 $140 (16.
exd5 Bxd5 17. Ng5 (17. Bxd7 Qxd7 18. Ng5 f5 $17 {/\Bf6}) 17... Nf6 $15) 16...
Bxg5+ (16... Nf6 17. e5 $18) 17. hxg5 Qxg5+ 18. Kb1 Nf6 (18... Nf6 {Dautov} 19.
exd5 Bxd5 20. Bxf6 Rxc2 21. Bxg5 Rxf2 22. g4 $18)) 16. Ng5 $1 Qb6 $1 $8 (16...
h6 $2 {Dautov} 17. e5 $1 (17. exd5 Bxd5 18. Bxf6 Rc8 19. Bc3 hxg5 20. hxg5
Bxg5+ 21. Kb1 f5 $13) 17... hxg5 18. exf6 Bxf6 19. hxg5 Bxg5+ 20. Kb1 f5 (20...
Bh6 21. Rxh6 $1 gxh6 22. Rd3 $40) 21. Qe2 Qb6 22. Rdh1 $40) 17. exd5 (17. e5 {
Ftacnik} Ne4 18. Nxe4 (18. Bd3 Nxg5 19. hxg5 Bxg5+ 20. Kb1 h6 $15) 18... Qxb5 (
18... dxe4 19. Bd7 (19. Ba4 Rfd8 $132) 19... Bd5 $36) 19. Nd6 Qc6 20. Nxb7 Qxb7
$15) 17... Rac8 $1 (17... Qxb5 {Ftacnik} 18. Bxf6 Rfc8 19. Bc3 g6 20. dxe6
Bxg5+ 21. hxg5 Qxg5+ 22. Kb1 $16) (17... Rfc8 {Ftacnik} 18. Bd7 Bxd5 19. Bxc8
Rxc8) 18. Bd7 Bxd5 $1 $44 (18... Rc7 $2 {Ftacnik} 19. dxe6 $16) 19. Bxc8 Rxc8
20. Rxd5 (20. Qd3 {Dautov} h6 21. Nf3 Ne4 $17) (20. Re1 {Ftacnik} Bb3 21. Qd2
Nd5 $36) 20... exd5 (20... Nxd5 $4 {Ftacnik} 21. Qxh7+) 21. Qf5 (21. Rd3 {
Ftacnik} h6 22. Nf3 Ne4 $17) 21... Qa6 22. Kd2 $6 (22. Kb1 Qf1+ 23. Ka2 Qc4+
$10 (23... Qc4+ {Dautov} 24. Kb1 d4 $1 (24... g6 {Ftacnik} 25. Qd3 h6 $15) 25.
Bxd4 Rd8 26. Nf3 (26. Bc3 $2 Rd1+ 27. Kc2 Qe2+ 28. Kb3 a4+ 29. Kxa4 Qc4+ 30. b4
Rd6 $19) 26... Rxd4 27. Nxd4 Qxd4 $15)) (22. Qd3 {Dautov} Qxd3 23. Rxd3 h6 24.
Nf3 Ne4 25. Kc2 Bf6 $15) 22... g6 23. Qe5 (23. Qd3 {Ftacnik} Qb6 24. Bd4 Qc7
$17) 23... Re8 24. Re3 $2 (24. Qd4 Bd8 $1 (24... h6 $2 25. Re3 $1 $16) (24...
Qf1 {Dautov} 25. Re3 $1 Qxf2+ 26. Kc1 $44) 25. Re3 Rxe3 26. Qxe3 h6 $13) (24.
Qc7 {Ftacnik} Qf1 25. Rf3 Ne4+ $17) (24. Qd4 {Ftacnik /\ Re3+/=}) 24... d4 $1
$15 25. Bxd4 (25. Qxd4 $2 Rd8 26. Rxe7 Rxd4+ 27. Bxd4 Qd6 $19) 25... Bb4+ 26.
axb4 Rxe5 27. Rxe5 (27. Bxe5 {Ftacnik} Ng4 $19) 27... Qc4 (27... axb4 {Ftacnik}
28. Nf3 $17) 28. Nf3 Qxb4+ 29. Kd3 (29. Bc3 {Ftacnik} Ne4+ 30. Kd3 Nxc3 $19)
29... a4 30. Nd2 (30. Bc3 {Ftacnik} Qb6 $17) 30... Qb7 $1 {פf6,e8} 31. f3 (31.
Ne4 {Dautov} Qa6+ 32. Kd2 Nxe4+ 33. Rxe4 f5 $17) (31. g3 $5 {Dautov}) 31... Qa8
32. Nc4 Nd5 33. Nd6 (33. g3 {Ftacnik} Nb4+ 34. Ke2 Nc6 35. Re4 f5 $19) 33...
Nf4+ 34. Kd2 Ne6 35. Bc3 Qd8 36. Rd5 Qxh4 37. Ne4 Kf8 38. Bb4+ $2 (38. Bf6)
38... Kg7 (38... Ke8 {Ftacnik} 39. Nd6+ Kf8 40. Ne4+) (38... Kg8 {Ftacnik} 39.
Bc3 f5 40. Nf6+ $132) 39. Rd7 (39. Bc3+ $1 {Ftacnik} Kh6 40. Kc2 f5 41. Bd2+
Kg7 42. Bc3+ Kf8 43. Nf6 Qh1 44. Rd2 $17) 39... g5 $1 $19 40. Bc3+ Kg6 41. Ke3
h5 42. Ra7 Qh2 43. Kf2 (43. Rxa4 $2 {Ftacnik} Qg1+ 44. Nf2 Qc1+ 45. Bd2 Qc5+
$19) 43... Qb8 $1 44. Ra6 (44. Rxa4 f5 $1 (44... Qb6+ {Dautov} 45. Kg3 (45. Ke1
{Ftacnik} Qg1+ $19) 45... Qg1 $19) 45. Nd2 Qb6+ $1) 44... Qc8 $1 45. Ra5 (45.
Rxa4 {Ftacnik} f5 46. Nd2 Qc5+ 47. Kf1 Qb5+ 48. Rc4 Nc5 49. Kg1 Nd3 $19) 45...
h4 $4 (45... Qc6 $1) (45... Qc7 $1 {Dautov}) 46. Nf6 $4 (46. Rf5 $1 Qc7 47.
Rf6+ Kh7 $15) 46... a3 $1 $19 47. Rxa3 Qc5+ 48. Kf1 Qb5+ 49. Kg1 Qe2 50. Ng4
Nf4 51. Nf2 h3 52. Ra8 (52. gxh3 {Ftacnik} Qxf3 53. Kf1 Qg2+ 54. Ke1 Qg1+ $19)
52... h2+ $1 (52... hxg2 53. Ra1 Qxf3 $19) 53. Kxh2 Qxf2 0-1

[Event "Candidates m7"]
[Site "Madras"]
[Date "1991.??.??"]
[Round "5"]
[White "Dreev, Alexey"]
[Black "Anand, Viswanathan"]
[Result "0-1"]
[WhiteElo "2625"]
[BlackElo "2635"]
[Annotator "Anand,V"]
[PlyCount "118"]
[EventDate "1991.01.??"]
[EventType "match"]
[EventRounds "6"]
[EventCountry "IND"]
[SourceTitle "Candidates"]
[Source "ChessBase"]
[SourceDate "1999.07.01"]
[SourceVersion "2"]
[SourceVersionDate "1999.07.01"]
[SourceQuality "1"]

1. d4 {Schussler} Nf6 2. c4 e6 3. Nf3 b6 4. Nc3 Bb7 5. a3 d5 6. cxd5 Nxd5 7.
Qc2 Nxc3 8. bxc3 Be7 9. e3 Nd7 10. Bd3 c5 11. O-O Rc8 12. Qe2 O-O 13. e4 Qc7
14. Re1 Rfd8 15. Bd2 e5 16. d5 c4 17. Bc2 Ba6 18. Be3 Bc5 19. Nh4 g6 $1 20. Qg4
$6 Kh8 21. Bg5 $6 f6 22. Bh6 Rg8 $1 $15 23. Rad1 $6 Bd6 {White has provoked
all the useful moves} 24. Ba4 Nc5 25. Bc6 Bb7 26. Qf3 Qe7 27. Bxb7 Nxb7 28. Qh3
Rc7 (28... Nc5 $2 29. Nxg6+ hxg6 30. Bf8+ Qh7 31. Qxh7+ Kxh7 32. Bxd6 Nd3 33.
Re3 $14) 29. f4 exf4 30. e5 Bxe5 31. Bxf4 Qc5+ 32. Be3 Qd6 33. Bd4 (33. Nf3
Bxc3 $19) 33... Bxd4+ 34. Rxd4 Nc5 35. Rxc4 Qxd5 $19 36. Rd4 Qf7 37. Nf3 Re7
38. Rf1 Qe6 39. Qh4 Rge8 40. h3 Kg8 41. Re1 Qf7 42. Rf1 Re4 43. Qh6 Qg7 44. Qc1
Re2 45. Rd6 Ne4 46. Rd3 Nc5 47. Rd6 Qe7 48. Qd1 Qe3+ 49. Kh2 Qf4+ 50. Kg1 Qg3
51. Qd5+ Kh8 52. Nd4 Rxg2+ $1 (52... Re1 $2 53. Rdxf6 $15) 53. Qxg2 Qxd6 54.
Qf3 f5 55. Rd1 Qe5 56. Nc6 Qe3+ 57. Kg2 Qg5+ 58. Kf1 Ne4 59. Qd3 Qf4+ 0-1

[Event "Candidates m7"]
[Site "Madras"]
[Date "1991.??.??"]
[Round "3"]
[White "Dreev, Alexey"]
[Black "Anand, Viswanathan"]
[Result "1-0"]
[WhiteElo "2625"]
[BlackElo "2635"]
[Annotator "Anand,V"]
[PlyCount "91"]
[EventDate "1991.01.??"]
[EventType "match"]
[EventRounds "6"]
[EventCountry "IND"]
[SourceTitle "Candidates"]
[Source "ChessBase"]
[SourceDate "1999.07.01"]
[SourceVersion "2"]
[SourceVersionDate "1999.07.01"]
[SourceQuality "1"]

1. d4 {Schussler} Nf6 2. c4 e6 3. Nf3 b6 4. Nc3 Bb7 5. a3 d5 6. cxd5 Nxd5 7.
Qc2 Nxc3 8. Qxc3 h6 9. e3 Bd6 $1 10. Bb5+ c6 11. Ba4 O-O 12. O-O (12. Bc2 Ba6
$13) 12... c5 $1 13. dxc5 bxc5 $1 (13... Bxf3 14. cxd6 Qg5 15. g3 Qg4 16. e4
$14) (13... Bxc5 14. Rd1 $14) 14. Rd1 (14. Bc2 Bxf3 15. gxf3 Qg5+ $10) 14...
Qe7 $2 (14... Qc7 $10) (14... Bxf3 $1 15. gxf3 Bxh2+ $1 16. Kf1 (16. Kxh2 Qh4+
17. Kg2 Qxa4 18. b3 Qc6 19. Bb2 f6 $17) 16... Qg5 $1 17. f4 Qg1+ 18. Ke2 Qg4+
19. Ke1 Qg1+ $10) 15. Bc2 Rd8 16. e4 $14 Nc6 (16... e5 $2 17. Nxe5 $18) 17. e5
Bc7 18. Bf4 $1 {><d6} Qf8 19. h4 Bb6 20. Rd6 $40 Ne7 21. Rad1 Bd5 22. Nh2 c4
23. Ng4 Bc5 24. Rxd8 Rxd8 25. Ne3 Ng6 26. Bg3 Bxe3 27. fxe3 $1 $16 h5 28. e4
Bb7 29. Rd6 Rc8 30. Qd4 Qe8 31. Qxa7 Bc6 32. Kh2 Nf8 33. Bf4 Ng6 34. Bg3 Nf8
35. Rd4 Rb8 36. Rxc4 Rxb2 37. Qd4 Ra2 38. Qc3 Bd7 39. Qb3 Ra1 40. Qb2 Rf1 41.
Bd3 Rd1 42. Be2 Bb5 43. Bxd1 Bxc4 44. Bxh5 Qa4 45. Qd4 Qb3 46. Qa7 1-0